[Event "David Bronstein Memorial"]
[Site "SchemingMind.com"]
[Date "2006.12.08"]
[Round "-"]
[White "spoke"]
[Black "Ilang"]
[Result "0-1"]
[WhiteCountry "GER"]
[BlackCountry "HUN"]
[WhiteElo "1701"]
[WhiteRD "58"]
[BlackElo "2226"]
[BlackRD "71"]
[GameID "81009"]

1. e4 e5 2. Nf3 Nc6 3. Bc4 Nf6 4. Ng5 d5 5. exd5 Na5 6. Bb5+ c6 7. dxc6 bxc6 8. Be2 h6 9. Nh3 Bc5 10. O-O O-O
11. c3 Bb6 12. b4 Nb7 13. d3 a5 14. Qa4 Bxh3 15. gxh3 axb4 16. Qxb4 Nc5 17. Be3 Nd5 18. Qg4 Nxe3 19. fxe3 Nb3 20. Rf3 Nxa1
21. Rg3 Bxe3+ 22. Rxe3 Qb6
0-1

[Event "David Bronstein Memorial"]
[Site "SchemingMind.com"]
[Date "2006.12.13"]
[Round "-"]
[White "C. H. O'D. Schlechter"]
[Black "Orhany24"]
[Result "1-0"]
[WhiteCountry "USA"]
[BlackCountry "TUR"]
[WhiteElo "2320"]
[WhiteRD "65"]
[BlackElo "1824"]
[BlackRD "70"]
[GameID "81010"]

1. e4 c5 2. Nf3 Nc6 3. d4 cxd4 4. Nxd4 d6 5. c4 e5 6. Nc2 f5 7. Nc3 Nf6 8. Bd3 f4 9. g3 g5 10. h4 Ng4
11. f3 gxh4 12. gxf4 Rg8 13. fxg4 Bxg4 14. Be2 h5 15. Qd5 Rg7 16. f5 h3 17. Be3 Bxe2 18. Qe6+ Qe7 19. Qxe7+ Bxe7 20. Kxe2 Rg2+
21. Bf2 Nd4+ 22. Nxd4 exd4 23. Nb5 Bh4 24. Raf1 d3+ 25. Kf3
1-0

[Event "David Bronstein Memorial"]
[Site "SchemingMind.com"]
[Date "2006.12.08"]
[Round "-"]
[White "erikbrynolfson"]
[Black "TONYTODD11"]
[Result "1-0"]
[WhiteCountry "USA"]
[BlackCountry "ENG"]
[WhiteElo "1695"]
[WhiteRD "60"]
[BlackElo "1512"]
[BlackRD "79"]
[GameID "81011"]

1. d4 Nf6 2. c4 d5 3. Nf3 g6 4. e3 Bg7 5. Nc3 O-O 6. b3 Nc6 7. Bd3 Bg4 8. O-O Qd7 9. Be2 Bxf3 10. Bxf3 e5
11. dxe5 Nxe5 12. Bxd5 Nxd5 13. Nxd5 Rad8 14. Bb2 Nf3+ 15. Qxf3 Bxb2 16. Rab1 Be5 17. Rbd1 c6 18. Nf6+ Bxf6 19. Rxd7 Rxd7 20. Qxf6 Rfd8
21. h3 Rd2 22. e4 Rd1 23. Rxd1 Rxd1+ 24. Kh2 Rd2 25. a4 a5 26. Qe7 Rxf2 27. Qd8+ Kg7 28. Qd4+ Rf6 29. g4 h6 30. Kg3 c5
31. Qe5 g5 32. Qxc5 Re6 33. Qxa5 Rxe4 34. Qc3+ f6 35. c5 Kg6 36. Qd3 f5 37. gxf5+ Kxf5 38. Kf3
1-0

[Event "David Bronstein Memorial"]
[Site "SchemingMind.com"]
[Date "2006.12.12"]
[Round "-"]
[White "NebAnphu"]
[Black "FlameViper"]
[Result "1-0"]
[WhiteCountry "POL"]
[BlackCountry "NZL"]
[WhiteElo "2015"]
[WhiteRD "93"]
[BlackElo "1383"]
[BlackRD "83"]
[GameID "81012"]

1. e4 e5 2. Bc4 Nf6 3. d3 d6 4. Nc3 b6 5. f4 g6 6. Nf3 Bg7 7. fxe5 dxe5 8. Nxe5 O-O 9. Nf3 Nbd7 10. O-O h6
11. Qe1 Bb7 12. Qg3 a6 13. Qxg6 Qe7 14. Bxh6 Bc6 15. Qxg7#
1-0

[Event "David Bronstein Memorial"]
[Site "SchemingMind.com"]
[Date "2006.12.13"]
[Round "-"]
[White "Lee Shuck"]
[Black "annis"]
[Result "1-0"]
[WhiteCountry "ENG"]
[BlackCountry "USA"]
[WhiteElo "1344"]
[WhiteRD "62"]
[BlackElo "1567"]
[BlackRD "111"]
[GameID "81013"]

1. e4 e5 2. Nf3 Nc6 3. Bc4 Nf6 4. Ng5 d5 5. exd5 Na5 6. Bb5+ c6 7. dxc6 bxc6 8. Be2 h6 9. Nf3 e4 10. Ne5 Bd6
11. Nc4
1-0

[Event "David Bronstein Memorial"]
[Site "SchemingMind.com"]
[Date "2006.12.08"]
[Round "-"]
[White "ekulrac"]
[Black "Majoanis"]
[Result "0-1"]
[WhiteCountry "SCO"]
[BlackCountry "CAN"]
[WhiteElo "1711"]
[WhiteRD "53"]
[BlackElo "1724"]
[BlackRD "97"]
[GameID "81014"]

1. e4 c6 2. d4 d5 3. e5 c5 4. Nf3 cxd4 5. Bd3 Nc6 6. a3 Bg4 7. O-O e6 8. Re1 Nge7 9. h3 Bh5 10. g4 Bg6
11. Bf4 Bxd3 12. Qxd3 h5 13. g5 Nf5 14. Nbd2 g6 15. Nb3 Be7 16. Kh2 Kf8 17. Rg1 Kg7 18. Nbxd4 Ncxd4 19. Nxd4 Rc8 20. c3 a6
21. Nxf5+ gxf5 22. g6 fxg6 23. Qg3 g5 24. Bxg5 Bxg5 25. Qxg5+ Qxg5 26. Rxg5+ Kf7 27. Rd1 Rc4 28. Rdg1 Rh7 29. Rg8 Rc7 30. R1g6 Rc8
31. Rf6+ Kxg8
0-1

[Event "David Bronstein Memorial"]
[Site "SchemingMind.com"]
[Date "2006.12.08"]
[Round "-"]
[White "Ilang"]
[Black "spoke"]
[Result "1-0"]
[WhiteCountry "HUN"]
[BlackCountry "GER"]
[WhiteElo "2226"]
[WhiteRD "71"]
[BlackElo "1701"]
[BlackRD "58"]
[GameID "81024"]

1. e4 e5 2. Nf3 Nc6 3. Bb5 Bb4 4. O-O Nge7 5. c3 Ba5 6. Bxc6 Nxc6 7. b4 Bb6 8. b5 Na5 9. Nxe5 O-O 10. d4 Qe8
11. Nd3 Qxe4 12. Re1 Qh4 13. Nd2 d5 14. Ba3 Bg4 15. Nf3 Bxf3 16. Qxf3 Rfe8 17. Qxd5 c6 18. bxc6 Nxc6 19. Qd7 Qd8 20. Rxe8+ Qxe8
21. Qxb7 Rb8 22. Qa6 Qd7 23. Re1 Re8 24. Rxe8+
1-0

[Event "David Bronstein Memorial"]
[Site "SchemingMind.com"]
[Date "2006.12.13"]
[Round "-"]
[White "Orhany24"]
[Black "C. H. O'D. Schlechter"]
[Result "0-1"]
[WhiteCountry "TUR"]
[BlackCountry "USA"]
[WhiteElo "1824"]
[WhiteRD "70"]
[BlackElo "2320"]
[BlackRD "65"]
[GameID "81025"]

1. e4 e5 2. Nf3 Nc6 3. Bc4 Bc5 4. c3 Nf6 5. d4 exd4 6. cxd4 Bb4+ 7. Bd2 Nxe4 8. Bxb4 Nxb4 9. Bxf7+ Kxf7 10. Qb3+ d5
11. Qxb4 Re8 12. O-O a5 13. Qb5 c6 14. Qb3 a4 15. Qd1 Kg8 16. h3 Qb6 17. Nc3 Qxb2 18. Nxe4 dxe4 19. Ne5 Rd8 20. Qh5 Rf8
21. Qd1 c5 22. Nc4 Qxd4 23. Nb6 Ra6 24. Nxc8 Rxc8 25. Qg4 Rf8 26. Rad1 Qc4 27. Rd7 Rg6 28. Qh5 e3
0-1

[Event "David Bronstein Memorial"]
[Site "SchemingMind.com"]
[Date "2006.12.09"]
[Round "-"]
[White "TONYTODD11"]
[Black "erikbrynolfson"]
[Result "0-1"]
[WhiteCountry "ENG"]
[BlackCountry "USA"]
[WhiteElo "1512"]
[WhiteRD "79"]
[BlackElo "1695"]
[BlackRD "60"]
[GameID "81026"]

1. e4 e6 2. e5 d5 3. Nf3 c5 4. c4 Nc6 5. cxd5 exd5 6. Bb5 Qb6 7. Qb3 c4 8. Bxc6+ Qxc6 9. Qc3 Bc5 10. e6 Qxe6+
11. Kd1 Qf6 12. d4 Bb6 13. Be3 Bg4 14. Nd2 Ne7 15. Re1 O-O 16. Kc1 Nc6 17. Ne5 Nxe5 18. dxe5 Qe6 19. h3 Bf5 20. g4 Bd3
21. f4 Bxe3 22. Rxe3 Rfd8 23. f5 Qb6 24. Re1 Rac8 25. Nf3 d4 26. Qd2 c3 27. bxc3 dxc3 28. Qd1 Qb2#
0-1

[Event "David Bronstein Memorial"]
[Site "SchemingMind.com"]
[Date "2006.12.13"]
[Round "-"]
[White "FlameViper"]
[Black "NebAnphu"]
[Result "0-1"]
[WhiteCountry "NZL"]
[BlackCountry "POL"]
[WhiteElo "1383"]
[WhiteRD "83"]
[BlackElo "2015"]
[BlackRD "93"]
[GameID "81027"]

1. d4 d5 2. e3 Nf6 3. g3 c6 4. Nc3 Qc7 5. b3 e5 6. Bb2 Bd6 7. Qd2 O-O 8. O-O-O e4 9. Nge2 Bg4 10. Kb1 Qe7
11. Rc1 Ba3 12. Re1 Bxb2 13. Kxb2 Nbd7 14. Nf4 b5 15. h3 Bf3 16. Bg2 Bxg2 17. Nxg2 Nb6 18. a3 a5 19. Ne2 a4 20. bxa4 Nc4+
21. Kc1 Qxa3+ 22. Kd1 Nb2+ 23. Kc1 Qa1#
0-1

[Event "David Bronstein Memorial"]
[Site "SchemingMind.com"]
[Date "2006.12.09"]
[Round "-"]
[White "Majoanis"]
[Black "ekulrac"]
[Result "0-1"]
[WhiteCountry "CAN"]
[BlackCountry "SCO"]
[WhiteElo "1769"]
[WhiteRD "70"]
[BlackElo "1712"]
[BlackRD "49"]
[GameID "81029"]

1. Nf3 d5 2. d4 Nf6 3. c4 e6 4. g3 Nbd7 5. Bg2 Bd6 6. O-O c6 7. Nc3 O-O 8. Qc2 Nh5 9. e4 dxe4 10. Nxe4 Be7
11. Rd1 Ndf6 12. Nc3 Qc7 13. b3 Rd8 14. Bb2 b5 15. c5 b4 16. Ne4 a5 17. Ne5 Nd5 18. Nc4 Ba6 19. Ncd6 f5 20. Nd2 Bxd6
21. cxd6 Qxd6 22. Nc4 Bxc4 23. bxc4 Ndf6 24. a3 f4 25. c5 Qc7 26. axb4 axb4 27. Qc4 Qd7 28. Qxb4 Nd5 29. Qe1 Qf7 30. Bxd5 exd5
31. g4 Nf6 32. f3 g5 33. h4 h6 34. hxg5 hxg5 35. Qe5 Nh7 36. Rxa8 Rxa8 37. Rd2 Re8 38. Qd6 Nf6 39. Rf2 Re1+ 40. Rf1 Re6
41. Qd8+ Kg7 42. Rf2 Re1+ 43. Rf1 Qe6 44. Rxe1 Qxe1+ 45. Kg2 Qg3+ 46. Kf1 Qxf3+ 47. Ke1 Qe3+ 48. Kd1 Qf3+ 49. Kc1 Qxg4
0-1

[Event "David Bronstein Memorial"]
[Site "SchemingMind.com"]
[Date "2006.12.12"]
[Round "-"]
[White "Orange Lion"]
[Black "fishofchaos"]
[Result "1-0"]
[WhiteCountry "NED"]
[BlackCountry "ENG"]
[WhiteElo "2232"]
[WhiteRD "81"]
[BlackElo "1575"]
[BlackRD "58"]
[GameID "81313"]

1. e4 c5 2. f4 e6 3. Nf3 Nc6 4. Bb5 Qb6 5. c4 d5 6. exd5 exd5 7. Qe2+ Be7 8. cxd5 Nf6 9. dxc6 O-O 10. cxb7 Qxb7
11. Ne5 Rb8 12. Nc3 Bd7 13. Nxd7 Nxd7 14. Qf3 Bf6 15. Qxb7 Rxb7 16. a4 Re8+ 17. Kd1 Re6 18. Re1 Rxe1+ 19. Kxe1 Nb6 20. Ra3 h6
21. Kf1 Be7 22. a5 Nd7 23. a6
1-0

[Event "David Bronstein Memorial"]
[Site "SchemingMind.com"]
[Date "2006.12.13"]
[Round "-"]
[White "buzzardhawk"]
[Black "francisco"]
[Result "0-1"]
[WhiteCountry "ENG"]
[BlackCountry "ESP"]
[WhiteElo "1273"]
[WhiteRD "91"]
[BlackElo "1675"]
[BlackRD "78"]
[GameID "81314"]

1. e4 e6 2. d4 d5 3. e5 c5 4. Be3 b6 5. Nf3 Ba6 6. Bxa6 Nxa6 7. O-O Ne7 8. c3 Nf5 9. Bg5 Qc7 10. Qd3 Nb8
11. Rc1 c4 12. Qe2 Be7 13. Bxe7 Qxe7 14. a4 a5 15. Na3 O-O 16. Nb5 Nc6 17. Nd2 Na7 18. b3 Nxb5 19. axb5 cxb3 20. Nxb3 a4
21. Nd2 Rfc8 22. c4 Nxd4 23. Qe3 Qc5 24. Qd3 Nb3 25. Nxb3 axb3
0-1

[Event "David Bronstein Memorial"]
[Site "SchemingMind.com"]
[Date "2006.12.11"]
[Round "-"]
[White "jorge47"]
[Black "Mekk"]
[Result "0-1"]
[WhiteCountry "ARG"]
[BlackCountry "POL"]
[WhiteElo "1278"]
[WhiteRD "128"]
[BlackElo "1754"]
[BlackRD "65"]
[GameID "81315"]

1. e4 c5 2. Nf3 Nc6 3. d4 cxd4 4. Nxd4 Nf6 5. Nc3 e5 6. Nxc6 bxc6 7. Be3 Bb4 8. Bc4 Nxe4 9. Qd3 Bxc3+ 10. bxc3 d5
11. Bb3 a5 12. O-O a4 13. f3 Nf6 14. c4 d4 15. Bg5 O-O 16. f4 e4 17. Bxf6 exd3 18. Bxd8 Rxd8 19. cxd3 axb3 20. axb3 Bf5
21. Rxa8 Rxa8 22. Re1 c5 23. Re5 Bxd3 24. Rxc5 Bc2 25. Rd5 Bxb3 26. Rxd4 Kf8 27. Kf2 Rc8 28. g4 Rxc4 29. Rxc4 Bxc4 30. Ke3 h6
31. Ke4 Ke7 32. f5 Kd6 33. h4 f6 34. Kf4 Be2 35. g5 h5 36. gxf6 gxf6 37. Ke4 Bg4 38. Kf4 Kd5
0-1

[Event "David Bronstein Memorial"]
[Site "SchemingMind.com"]
[Date "2006.12.11"]
[Round "-"]
[White "Cruyce"]
[Black "ngu"]
[Result "1/2-1/2"]
[WhiteCountry "BEL"]
[BlackCountry "INT"]
[WhiteElo "2015"]
[WhiteRD "77"]
[BlackElo "2055"]
[BlackRD "112"]
[GameID "81316"]

1. d4 d5 2. Nf3 Nf6 3. g3 Bg4 4. Bg2 e6 5. O-O Nbd7 6. Nbd2 Be7 7. Re1 O-O 8. e4 c5 9. exd5 Nxd5 10. h3 Bh5
11. Ne4 N5f6 12. Nxf6+ Bxf6 13. d5 Nb6 14. dxe6 Qxd1 15. exf7+ Rxf7 16. Rxd1 Bxf3 17. Bxf3 Bxb2 18. Bxb2 Rxf3 19. Bc1 Rc3 20. Be3 Rxc2
21. Rdc1 Rxc1+ 22. Rxc1 Na4 23. Bxc5 Rc8 24. Be3 Rxc1+ 25. Bxc1=
1/2-1/2

[Event "David Bronstein Memorial"]
[Site "SchemingMind.com"]
[Date "2006.12.10"]
[Round "-"]
[White "Teebers"]
[Black "GrischukFan"]
[Result "0-1"]
[WhiteCountry "USA"]
[BlackCountry "GER"]
[WhiteElo "1463"]
[WhiteRD "315"]
[BlackElo "2138"]
[BlackRD "96"]
[GameID "81317"]

1. e4 c5 2. Nf3 Nc6 3. Bc4 e6 4. c3 d5 5. exd5 exd5 6. Bb5 Nf6 7. d4 Be7 8. O-O O-O 9. Be3 Qb6 10. Bxc6 bxc6
11. b3 Bg4 12. Nbd2 cxd4 13. Bxd4 c5 14. Be5 Ne4 15. h3 Nxd2 16. Qxd2 Bxf3 17. gxf3 Rad8 18. Rad1 Qe6 19. Rde1 Qxh3 20. Bg3 Rd6
21. f4 d4 22. cxd4 Rh6 23. Rxe7 Qh1#
0-1

[Event "David Bronstein Memorial"]
[Site "SchemingMind.com"]
[Date "2006.12.10"]
[Round "-"]
[White "drunkenmaster"]
[Black "Katarrov"]
[Result "0-1"]
[WhiteCountry "PHI"]
[BlackCountry "ESP"]
[WhiteElo "1397"]
[WhiteRD "121"]
[BlackElo "2216"]
[BlackRD "95"]
[GameID "81319"]

1. d4 d5 2. c4 c6 3. Nf3 Nf6 4. cxd5 cxd5 5. Nc3 Nc6 6. Bf4 Bf5 7. e3 e6 8. Ne5 Nxe5 9. Bxe5 Nd7 10. Bg3 a6
11. Bd3 Bxd3 12. Qxd3 Be7 13. O-O O-O 14. Rfd1 Rc8 15. Rac1 Qa5 16. a3 Nb6 17. Rc2 Nc4 18. Rdc1 Rc6 19. f3 Rfc8 20. Be1 Qc7
21. e4 dxe4 22. fxe4 Bg5 23. Rb1 Be3+ 24. Kh1 Qd6 25. Rd1 Qf4 26. Bg3 Qxg3 27. hxg3 e5 28. Qxe3 Nxe3 29. Rcd2 Nxd1 30. Rxd1 exd4
0-1

[Event "David Bronstein Memorial"]
[Site "SchemingMind.com"]
[Date "2006.12.11"]
[Round "-"]
[White "fishofchaos"]
[Black "Orange Lion"]
[Result "0-1"]
[WhiteCountry "ENG"]
[BlackCountry "NED"]
[WhiteElo "1607"]
[WhiteRD "60"]
[BlackElo "2231"]
[BlackRD "74"]
[GameID "81324"]

1. d4 Nf6 2. c4 e6 3. Nc3 Bb4 4. Nf3 d5 5. cxd5 exd5 6. Bg5 Nc6 7. e3 h6 8. Bxf6 Qxf6 9. Be2 O-O 10. O-O Bxc3
11. bxc3 Be6 12. Qc2 Rfe8 13. Rab1 b6 14. Bd3 Rad8 15. Rfe1 Bg4 16. Nd2 Ne7 17. f3 Bd7 18. a4 c5 19. a5 c4 20. Be2 b5
21. e4 Qg5 22. a6 Rb8 23. g3 Qf6 24. Qa2 b4 25. Rxb4 Rxb4 26. e5 Qb6 27. cxb4 Qxd4+ 28. Kg2 Qxe5 29. f4 Qc3 30. Rd1 Nc6
31. Nxc4 Nxb4 32. Qd2 Qxd2 33. Rxd2 dxc4 34. Bxc4 Be6 35. Bb5 Rb8 36. Be2 Kf8 37. Rb2 Nxa6 38. Rxb8+ Nxb8 39. Bb5 a5 40. Ba4 Nd7
41. Kf2 Nc5 42. Bc2 a4
0-1

[Event "David Bronstein Memorial"]
[Site "SchemingMind.com"]
[Date "2006.12.13"]
[Round "-"]
[White "francisco"]
[Black "buzzardhawk"]
[Result "1-0"]
[WhiteCountry "ESP"]
[BlackCountry "ENG"]
[WhiteElo "1675"]
[WhiteRD "78"]
[BlackElo "1273"]
[BlackRD "91"]
[GameID "81325"]

1. e4 e5 2. f4 Nc6 3. Nf3 f6 4. Bc4 d6 5. d4 Qe7 6. Nc3 Bg4 7. d5 Nd4 8. Be3 Nxf3+ 9. gxf3 Bh5 10. fxe5 fxe5
11. Be2 Nf6 12. Qd2 h6 13. O-O-O g5 14. h4 g4 15. fxg4 Bxg4 16. Rhg1 h5 17. Bg5 Qg7 18. Bxf6 Qxf6 19. Bxg4 hxg4 20. Qe2 Bh6+
21. Kb1 Qxh4 22. Rxg4 Qf6 23. Qb5+ Ke7 24. Rf1 Bf4 25. Rfg1 Bh6 26. Qxb7
1-0

[Event "David Bronstein Memorial"]
[Site "SchemingMind.com"]
[Date "2006.12.11"]
[Round "-"]
[White "Mekk"]
[Black "jorge47"]
[Result "1-0"]
[WhiteCountry "POL"]
[BlackCountry "ARG"]
[WhiteElo "1754"]
[WhiteRD "65"]
[BlackElo "1278"]
[BlackRD "128"]
[GameID "81326"]

1. e4 c5 2. Nf3 d6 3. d4 cxd4 4. Nxd4 Nf6 5. Nc3 e6 6. g4 e5 7. Bb5+ Bd7 8. Bxd7+ Nbxd7 9. Nf5 Nc5 10. Qe2 g6
11. Ng3 Qd7 12. Bg5 Bg7 13. O-O-O Nxg4 14. Nd5 f6 15. f3 fxg5 16. fxg4 Ne6 17. Rhf1 O-O-O 18. Qc4+ Kb8 19. Ne2 Rc8 20. Qb4 Nc5
21. Rf3 h5 22. Ra3 Qxg4 23. Nec3 Rhe8 24. Qa5 Na6 25. Nb4 Rc5 26. Nxa6+ bxa6 27. Qxa6 Re7 28. Qxd6+ Rec7 29. Rb3+ Ka8 30. Qxg6 Bf8
31. Qe8+ Rc8 32. Qd7 Qxd7 33. Rxd7 R5c7 34. Rxc7 Rxc7 35. Nd5 Rc4 36. Kd2 Rxe4 37. Nc7#
1-0

[Event "David Bronstein Memorial"]
[Site "SchemingMind.com"]
[Date "2006.12.11"]
[Round "-"]
[White "ngu"]
[Black "Cruyce"]
[Result "1/2-1/2"]
[WhiteCountry "INT"]
[BlackCountry "BEL"]
[WhiteElo "2055"]
[WhiteRD "112"]
[BlackElo "2015"]
[BlackRD "77"]
[GameID "81327"]

1. e4 c5 2. c3 Nf6 3. e5 Nd5 4. d4 cxd4 5. Nf3 e6 6. cxd4 d6 7. Bc4 Nc6 8. O-O Be7 9. exd6 Qxd6 10. Nc3 Nxc3
11. bxc3 O-O 12. Re1 b6 13. Bd3 Bb7 14. a4 Rac8 15. Ba3 Qc7 16. Qb1 g6 17. Be4 Bxa3 18. Rxa3 Na5 19. Bxb7 Nxb7 20. Qc1 Nd6
21. Qh6 Nf5 22. Qd2 Rfd8 23. Rb3=
1/2-1/2

[Event "David Bronstein Memorial"]
[Site "SchemingMind.com"]
[Date "2006.12.10"]
[Round "-"]
[White "GrischukFan"]
[Black "Teebers"]
[Result "1-0"]
[WhiteCountry "GER"]
[BlackCountry "USA"]
[WhiteElo "2138"]
[WhiteRD "96"]
[BlackElo "1463"]
[BlackRD "315"]
[GameID "81328"]

1. d4 e6 2. c4 d5 3. Nf3 Nf6 4. Nc3 Bb4 5. Bg5 O-O 6. e3 h6 7. Bh4 c5 8. cxd5 exd5 9. Bd3 cxd4 10. Nxd4 Nc6
11. O-O Nxd4 12. exd4 Be6 13. Qb3 a5 14. a3 Bxc3 15. bxc3 b6 16. a4 Rb8 17. Rfe1 Re8 18. Bb5 Re7 19. Bxf6 gxf6 20. Re3 h5
21. Rg3+ Kh8 22. Qd1 Bg4 23. Qd2 Qg8 24. Qh6+ Qh7 25. Qxf6+ Kg8 26. Qxe7 Qe4 27. Qxe4 dxe4 28. h3 f5 29. hxg4 hxg4 30. Bd7 Rf8
31. Rb1 Rf6 32. Bxf5 Rxf5 33. Rxg4+ Kf7 34. Rxb6 Rf6 35. Rxf6+ Kxf6 36. Rxe4
1-0

[Event "David Bronstein Memorial"]
[Site "SchemingMind.com"]
[Date "2006.12.11"]
[Round "-"]
[White "Katarrov"]
[Black "drunkenmaster"]
[Result "1-0"]
[WhiteCountry "ESP"]
[BlackCountry "PHI"]
[WhiteElo "2216"]
[WhiteRD "95"]
[BlackElo "1397"]
[BlackRD "121"]
[GameID "81330"]

1. e4 e6 2. d4 d5 3. e5 c5 4. c3 Nc6 5. Nf3 Qb6 6. a3 Nh6 7. b4 cxd4 8. cxd4 Nf5 9. Bb2 Bd7 10. Be2 Rc8
11. O-O Na5 12. Nbd2 Nc4 13. Nxc4 dxc4 14. Rc1 Qa6 15. d5 exd5 16. Qxd5 Be6 17. Qe4 b5 18. g4 Ne7 19. Rfd1 Qc6 20. Qc2 Nd5
21. Nd4 Qb7 22. Qe4 Be7 23. Nf5 Kf8 24. Nxe7 Kxe7 25. Bd4 g6 26. a4 a6 27. f4 Rhg8 28. Bc5+ Rxc5 29. bxc5 Qc6 30. Qd4
1-0

[Event "David Bronstein Memorial"]
[Site "SchemingMind.com"]
[Date "2006.12.11"]
[Round "-"]
[White "PankracyRozumek"]
[Black "Valiantangel"]
[Result "1-0"]
[WhiteCountry "POL"]
[BlackCountry "SGP"]
[WhiteElo "1870"]
[WhiteRD "86"]
[BlackElo "1888"]
[BlackRD "93"]
[GameID "81519"]

1. d4 Nf6 2. c4 e6 3. Nf3 b6 4. Nc3 Bb7 5. a3 Be7 6. d5 O-O 7. e4 d6 8. dxe6 fxe6 9. Nd4 Qd7 10. Bd3 Nc6
11. Nxc6
1-0

[Event "David Bronstein Memorial"]
[Site "SchemingMind.com"]
[Date "2006.12.12"]
[Round "-"]
[White "Valiantangel"]
[Black "PankracyRozumek"]
[Result "0-1"]
[WhiteCountry "SGP"]
[BlackCountry "POL"]
[WhiteElo "1888"]
[WhiteRD "93"]
[BlackElo "1870"]
[BlackRD "86"]
[GameID "81524"]

1. e4 c5 2. Na3 Nc6 3. Bb5 Nf6 4. Bxc6 dxc6 5. Nf3 Nxe4 6. O-O Bg4 7. d3 Nf6 8. Nc4 h6 9. Nce5 e6 10. Nxg4 Nxg4
0-1

[Event "David Bronstein Memorial"]
[Site "SchemingMind.com"]
[Date "2007.01.13"]
[Round "-"]
[White "erikbrynolfson"]
[Black "Orange Lion"]
[Result "0-1"]
[WhiteCountry "USA"]
[BlackCountry "NED"]
[WhiteElo "1667"]
[WhiteRD "58"]
[BlackElo "2266"]
[BlackRD "72"]
[GameID "86372"]

1. c4 Nf6 2. Nc3 e6 3. d4 Bb4 4. Qc2 O-O 5. g3 d5 6. a3 Bxc3+ 7. Qxc3 Ne4 8. Qc2 Nc6 9. Bg2 Nxd4 10. Qd1 Qf6
11. Nf3 Nxf3+ 12. Bxf3 c6 13. cxd5 exd5 14. O-O Bh3 15. Bg2 Bxg2 16. Kxg2 Rfe8 17. Rb1 Rad8 18. Bf4 Nc5 19. b4 Ne6 20. Be3 d4
21. Bc1 c5 22. bxc5 Nxc5 23. Bb2 Qc6+ 24. Kg1 Na4 25. Ba1 Nc3 26. Bxc3 dxc3 27. Qc2 Rd2 28. Qb3 c2
0-1

[Event "David Bronstein Memorial"]
[Site "SchemingMind.com"]
[Date "2007.01.13"]
[Round "-"]
[White "Orange Lion"]
[Black "erikbrynolfson"]
[Result "1-0"]
[WhiteCountry "NED"]
[BlackCountry "USA"]
[WhiteElo "2266"]
[WhiteRD "72"]
[BlackElo "1667"]
[BlackRD "58"]
[GameID "86377"]

1. e4 e6 2. d4 d5 3. Nd2 c5 4. exd5 exd5 5. Ngf3 Nf6 6. Bb5+ Bd7 7. Bxd7+ Nbxd7 8. O-O Be7 9. dxc5 Nxc5 10. Nd4 O-O
11. Nf5 Qd7 12. Nxe7+ Qxe7 13. Nf3 Rad8 14. Re1 Qc7 15. Be3 Rfe8 16. Nd4 b6 17. Qd2 Ng4 18. Bf4 Qc8 19. f3 Nf6 20. Bg5 Rd6
21. Rxe8+ Qxe8 22. Re1 Qd7 23. Bf4 Ne6 24. Bxd6 Nxd4 25. Be5 Ne6 26. Bxf6 gxf6 27. Re4 Qc6 28. Rg4+ Kf8 29. Qb4+ Nc5 30. Rd4 Qe6
31. Qd2 Qe5 32. f4 Qe6 33. Rxd5 Ke7 34. f5 Qe4 35. b4
1-0

[Event "David Bronstein Memorial"]
[Site "SchemingMind.com"]
[Date "2007.02.01"]
[Round "-"]
[White "C. H. O'D. Schlechter"]
[Black "egis"]
[Result "1-0"]
[WhiteCountry "USA"]
[BlackCountry "LTU"]
[WhiteElo "2365"]
[WhiteRD "65"]
[BlackElo "1963"]
[BlackRD "84"]
[GameID "88905"]

1. e4 c5 2. c3 d5 3. exd5 Qxd5 4. d4 cxd4 5. cxd4 Nc6 6. Nf3 e6 7. Nc3 Qa5 8. Bd3 Bb4 9. O-O Nge7 10. Qc2 Nf5
11. Bxf5 exf5 12. Re1+ Be6 13. d5 Bxc3 14. Rxe6+ fxe6 15. dxc6 bxc6 16. bxc3 O-O 17. Bf4 c5 18. Re1 Rfe8 19. Ng5 Rac8 20. g4 Qa6
21. gxf5 exf5 22. Rxe8+ Rxe8 23. Qxf5 Qg6 24. Qxc5 h6 25. Qc4+ Kh8 26. Qf7 Re1+ 27. Kg2 Qxf7 28. Nxf7+ Kg8 29. Nd8 Ra1 30. Bd6 Rxa2
31. c4 a5 32. c5 a4 33. c6 Rc2 34. c7 a3 35. Ne6 a2 36. Nc5 Rxc5 37. Bxc5 a1=Q 38. c8=Q+ Kh7 39. Qf5+ Kh8 40. h4 Qa8+
41. Kg3 Qb8+ 42. Kh3 Qb5 43. f3 Qf1+ 44. Kg3 Qe1+ 45. Bf2 Qc3 46. Qe4 Qc7+ 47. f4 Qc3+ 48. Kg4 Qd2 49. Bd4 Qd1+ 50. Kg3 Kg8
51. Qe8+ Kh7 52. Qe4+ Kg8 53. f5 Qb3+ 54. Kg4 Qd1+ 55. Kg3 Qb3+ 56. Kf4 Qa4 57. Qe6+ Kf8 58. Qe5 Qd7 59. h5 Kg8 60. Qe6+ Qf7
61. Qxf7+ Kxf7 62. Ke4 Kg8 63. Kd5 Kf7 64. Bb2 Kf8 65. Ke6 Ke8 66. Bxg7
1-0

[Event "David Bronstein Memorial"]
[Site "SchemingMind.com"]
[Date "2007.02.01"]
[Round "-"]
[White "egis"]
[Black "C. H. O'D. Schlechter"]
[Result "0-1"]
[WhiteCountry "LTU"]
[BlackCountry "USA"]
[WhiteElo "1951"]
[WhiteRD "86"]
[BlackElo "2335"]
[BlackRD "68"]
[GameID "88909"]

1. e4 Nf6 2. e5 Nd5 3. Nf3 d6 4. Bb5+ c6 5. Be2 dxe5 6. Nxe5 Nf4 7. O-O Qd5 8. Nf3 Nxe2+ 9. Qxe2 Bg4 10. Nc3 Bxf3
11. gxf3 Qh5 12. d3 Nd7 13. Be3 Ne5 14. Kg2 Ng6 15. Ne4 Nh4+ 16. Kh1 Nxf3 17. Bf4 Qg4 18. Bg3 e6 19. c4 Be7 20. b3 h5
21. Qe3 h4 22. Bd6 Bxd6 23. Nxd6+ Ke7 24. Nxb7 Rh5 25. Rg1 Qh3 26. Rg2 Rg5 27. Qxg5+ Nxg5 28. Re1 Qf5 29. c5 h3 30. Rg3 Qxf2
31. Ree3 f5 32. Nd6 f4 33. Nf5+ Kf8 34. Re2 Qf1+ 35. Rg1 Qf3+ 36. Rgg2 hxg2+ 37. Rxg2 Nh3
0-1

[Event "David Bronstein Memorial"]
[Site "SchemingMind.com"]
[Date "2007.02.10"]
[Round "-"]
[White "bigfoot1"]
[Black "russellhead"]
[Result "1-0"]
[WhiteCountry "FRA"]
[BlackCountry "USA"]
[WhiteElo "1680"]
[WhiteRD "87"]
[BlackElo "1467"]
[BlackRD "68"]
[GameID "91057"]

1. e4 c5 2. Nf3 e6 3. d4 cxd4 4. Nxd4 Nf6 5. Nc3 Nc6 6. Bg5 d5 7. Nxc6 bxc6 8. exd5 cxd5 9. Qf3 h6 10. Bb5+ Bd7
11. Bxd7+ Kxd7 12. Rd1 Ke8 13. Bxf6 gxf6 14. O-O Bd6 15. Qh5 Bc7 16. Rfe1 Rb8 17. Rxd5 Bd6 18. Rxe6+ Kf8 19. Rdxd6 Qxd6 20. Rxd6 Re8
21. Kf1 Ke7 22. Qc5 Kf8 23. Qxa7 Rg8 24. Rd7 Rg5 25. Rxf7+ Kg8 26. Rh7
1-0

[Event "David Bronstein Memorial"]
[Site "SchemingMind.com"]
[Date "2007.02.08"]
[Round "-"]
[White "Cruyce"]
[Black "Lee Shuck"]
[Result "1-0"]
[WhiteCountry "BEL"]
[BlackCountry "ENG"]
[WhiteElo "2127"]
[WhiteRD "76"]
[BlackElo "1412"]
[BlackRD "68"]
[GameID "91058"]

1. d4 d5 2. Nf3 Nf6 3. g3 e6 4. Bg2 c5 5. O-O Nc6 6. c4 dxc4 7. Qa4 Bd7 8. Qxc4 Qa5 9. Nc3 cxd4 10. Nxd4 Nxd4
11. Qxd4 Bb4 12. Bd2 O-O 13. a3 Nd5 14. axb4 Qb6 15. Qxb6 Nxb6 16. Bxb7 Rab8 17. Ba6 Bc8 18. Bxc8 Rbxc8 19. Rxa7 Nc4 20. Bc1 Nd6
21. Bf4 Nc4 22. Rb1 Rb8 23. Bxb8 Rxb8 24. Rba1 Nb6 25. Na4 Kf8 26. Nxb6 Rxb6 27. R1a4
1-0